000 01262nam a2200301 c 4500
003 BLK
005 20210316114810.0
008 180413b bul|||||r ||||||| ||bul||
010 _aKNG00025802000
040 _aBLK
041 _aBUL
_cBUL
080 _aОръжие. Въоръжение. Артилерийско-техн. въоръжение. БТР. Стрелково оръжие. Боеприпаси и БОВ. Управляеми и неупр. ракети
_b623.4
_x(035)
_z623.4(035)
100 1 _aМаринов, Георги
_eпърви автор
_gГеоргиев, Георги Маринов
_9363694
700 1 _aИванов, Андрей
_eсъавт.
_9365841
139 _aМаринов, Георги и др.
_bМ 31
245 1 0 _aПара Беллум и за другите германски пистолети
_cГеорги Маринов; съавт. Андрей Иванов.
257 _aBGR
260 София
_bGraphic
_c1998
300 _a168 с.
_bс ил.
_c20 см
380 _a62
500 _aДеп. списък: покупка.
653 _aпистолети
852 _aЦб 199537
856 4 _qpdf
_u
856 4 _qpdf
_u
942 _cKNG
_n0
_01
944 _aCR
_c15.01.2003
_kКети_Илиева
944 _aED
_c22.02.2013
_k
999 _c23326
_d23326